| 000 | 00478nam a2200193Ia 4500 | ||
|---|---|---|---|
| 001 | 14288 | ||
| 003 | GE_BSU | ||
| 008 | 181216s||||||||xx |||||||||||||| ||und|| | ||
| 020 | _a9780276441950 | ||
| 040 | _cGE_BSU | ||
| 080 | _a646/649 | ||
| 245 | _aExtraordinary Uses for Ordinary Things | ||
| 260 | _aLondon | ||
| 260 | _bReader's digest association Limited | ||
| 260 | _c2007 | ||
| 300 | _a399p.ill.26cm. | ||
| 653 | _aExtraordinary Uses for Ordinary Things | ||
| 942 | _cBK | ||
| 999 |
_c47426 _d47426 |
||